000 00650nam a2200205Ia 4500
005 20260601193223.0
008 260601s9999||||xx |||||||||||||| ||und||
020 _a978-3-031-09955-7
_qebk
100 _aVinit Kumar Gunjan
245 0 _aModern Approaches in IoT and Machine Learning for Cyber Security
250 _a2024
260 _aHeidelberg, Germany
_bSpringer Nature
_c2024
440 _aInternet of Things
650 _aComputer Science
700 _aMohammed Usman
700 _aMohd Dilshad Ansari
700 _aThiDieuLinh Nguyen
856 _uhttps://link.springer.com/openurl?genre=book&isbn=978-3-031-09955-7
942 _cEB
_2ddc
999 _c55863
_d55863